000 00579nam a2200229 i 4500
001 bg
100 1 _aBÈRARD, Èvelyne1
245 _aTempo 1 :
_bcahier d'exercices.
260 _aParis :
_bHatier :
_bDidier,
_ccop.1997.
300 _a127 s. ;
_c28 cm.
650 _aJęzyk francuski
655 _aĆwiczenia i zadania
700 1 _aCANIER, Yves
700 1 _aLAVENNE, Christian
020 _a2278044249
040 _cBPK
041 0 _afr
080 _a811.133.1(07)
920 _a2-278-04424-9
942 _cKS
008 s pl f |000 0 pol
999 _c36258
_d36258